000 03435nas1a22003491i 4500
001 RU\NLR\INFOCOMM29\5000545308
005 20260408064618.0
011 0 _a2541-8777
035 _a(NLR Aleph) 002286040
090 _a4087904
_c4087904
100 _a20050822a19999999|||y0rusy50 ca
101 0 _arus
102 _aRU
110 _azyuzz 0|y|
200 1 _aРусский язык: история, диалекты, современность
_eСб. науч. тр.
_fМоск. гос. обл. ун-т
210 _aМ.
_cМГОУ: Нар. учитель
_d1999 -
300 _aВ надзаг. также: М-во образования Рос. Федерации
712 0 2 _4570
_aМосковский государственный областной университет
_3RU\NLR\AUTH\8810042517
_9584469
712 0 2 _4570
_aМосковский педагогический университет
_3RU\NLR\AUTH\8810044427
_9588285
712 0 2 _4570
_aМосковский государственный областной университет
_bИсторико-филологический институт
_9437963
_3RU\NLR\AUTH\880385888
712 0 2 _4570
_aГосударственный университет просвещения
_cМосква/Мытищи
_9849535
_3RU\NLR\AUTH\880592018
801 2 _aRU
_bNLR
_c20070726
_2rusmarc
801 1 _aRU
_bInfoComm
_c20050822
801 0 _aRU
_bNLR
_gPSBO
852 _aNLR
_jП34/1558
942 _cSE
980 _aRUSPER